00313nam a2200133Ia 45000030006000000080041000060400015000471000017000622450041000792500012001202600018001325460012001500050017001620STCL150530s9999 xx 000 0 und d aSTCLcSTCL aShukla, M.C. aBusiness organisation and management aSeventh bS.Chandc1965 aEnglish20220125170548.0